00461nam a2200133Ia 4500100002600000942000700026654002500033245005600058260004600114300000800160546001200168999001700180952013000197 aHodges/D.A & jackson  cBK aIntergrated circuits aAnalysis and digital design of intergrated circuits bMcGraw Hill InternationalaNew Yorkc1988 a463 aENGLISH c34940d34940 001040708CRCaCRCEbCRCEc1430 | 25d2023-03-17eUnion Bookg281.95it 508l0o p3538r2023-03-17v281.95w2023-03-17yBK